[Event "5th Karl Wagner mem"]
[Site "Graz"]
[Date "1998.09.06"]
[Round "2.6"]
[White "Wallner, Joachim"]
[Black "Rabiega, Robert"]
[Result "0-1"]
[WhiteElo "2240"]
[BlackElo "2525"]
[PlyCount "40"]
[EventDate "1998.09.05"]

{2/(6)} 1. d4 1... d5 2. Nf3 Nf6 3. c4 e6 4. Nc3 Bb4 5. Qc2 dxc4 6. Bg5 b5 7.
a4 c6 8. e3 Nbd7 9. Be2 Qb6 10. O-O Bb7 11. e4 a6 12. Be3 c5 13. e5 Nd5 14. Ne4
14... Nxe3 15. fxe3 cxd4 16. exd4 Nxe5 17. Neg5 Ng6 18. Kh1 O-O 19. h4 f5 20.
h5 Nf4 0-1

[Event "5th Karl Wagner mem"]
[Site "Graz"]
[Date "1998.09.06"]
[Round "2.7"]
[White "Loginov, Valery"]
[Black "Wohlfahrt, Herbert"]
[Result "1/2-1/2"]
[WhiteElo "2520"]
[BlackElo "2265"]
[PlyCount "85"]
[EventDate "1998.09.05"]

{2/(7)} 1. Nf3 1... c5 2. g3 b6 3. Bg2 Bb7 4. O-O Nf6 5. d3 e6 6. Nbd2 Be7 7.
e4 d5 8. c3 dxe4 9. dxe4 Nc6 10. e5 Nd7 11. Re1 O-O 12. a4 Qc7 13. Qe2 Na5 14.
c4 Rad8 15. b3 Bxf3 16. Qxf3 Nxe5 17. Qf4 Bd6 18. Qe3 Nec6 19. Rb1 Nd4 20. Bb2
Be7 21. Be4 Bf6 22. h4 Nac6 23. Nf1 23... Nf5 24. Bxf5 Bxb2 25. Bxh7+ Kxh7 26.
Rxb2 Nd4 27. Nh2 Qc6 28. Qe4+ Qxe4 29. Rxe4 Rd6 30. Kg2 Rfd8 31. Re1 f6 32. Ng4
Kg6 33. Rh1 Nf5 34. h5+ Kf7 35. h6 gxh6 36. Nxh6+ Nxh6 37. Rxh6 Kg7 38. Rh4 Rd2
39. Rb1 Rd1 40. Rxd1 Rxd1 41. Rg4+ Kf7 42. Rh4 Kg7 43. Rg4+ 1/2-1/2

[Event "5th Karl Wagner mem"]
[Site "Graz"]
[Date "1998.09.06"]
[Round "2.8"]
[White "Ganaus, Hannes"]
[Black "Oral, Tomas"]
[Result "0-1"]
[WhiteElo "2225"]
[BlackElo "2510"]
[PlyCount "94"]
[EventDate "1998.09.05"]

{2/(8)} 1. d4 1... Nf6 2. c4 g6 3. Nc3 d5 4. Nf3 Bg7 5. Bg5 Ne4 6. cxd5 Nxg5 7.
Nxg5 O-O 8. Nf3 c6 9. e3 cxd5 10. Be2 Nc6 11. O-O e6 12. Rc1 Qe7 13. a3 Rd8 14.
Qb3 Bd7 15. Rfd1 Rdc8 16. Qa2 Be8 17. Ne1 Na5 18. Nd3 Rc7 19. b3 Rac8 20. Qb2
Bf8 21. Nb4 Qd8 22. Nca2 Rxc1 23. Rxc1 Rxc1+ 24. Nxc1 Qb6 25. Qc3 Bd6 26. g3
Kf8 27. Bd3 Ke7 28. Bc2 Nc6 29. Nxc6+ Qxc6 30. Qxc6 Bxc6 31. a4 e5 32. f3 Kd7
33. Nd3 e4 34. fxe4 dxe4 35. Nf2 f5 36. Nh3 Kc7 37. g4 Kb6 38. gxf5 gxf5 39.
Ng5 Ka5 40. Nf7 Bc7 41. Ng5 41... Kb4 42. Nxh7 Kc3 43. Bd1 Kd2 44. Nf6 Bd8 45.
d5 Bxf6 46. dxc6 bxc6 47. Bh5 Kxe3 0-1

[Event "5th Karl Wagner mem"]
[Site "Graz"]
[Date "1998.09.06"]
[Round "2.9"]
[White "Jazbinsek, Sebastjan"]
[Black "Maksimenko, Andrei"]
[Result "0-1"]
[WhiteElo "2225"]
[BlackElo "2500"]
[PlyCount "76"]
[EventDate "1998.09.05"]

{2/(9)} 1. d4 1... Nf6 2. Nc3 d5 3. Bg5 Nbd7 4. Nf3 h6 5. Bh4 e6 6. e3 Be7 7.
Be2 a6 8. Nd2 c5 9. Bf3 b5 10. h3 Bb7 11. O-O O-O 12. Bg3 Re8 13. Ne2 Bf8 14.
c4 Qb6 15. cxd5 Nxd5 16. dxc5 Nxc5 17. Nb3 Na4 18. Qb1 e5 19. Rd1 Rad8 20. Kh2
g6 21. Bh4 Rd6 22. a3 Bg7 23. Nd2 Rd7 24. Bxd5 Bxd5 25. Ne4 Bxe4 26. Qxe4 Rxd1
27. Rxd1 Nxb2 28. Rd7 Nc4 29. Nc3 Qe6 30. Qb7 Nd6 31. Qa7 Nc8 32. Qc7 32... e4
33. Bg3 Bxc3 34. Rd8 Bf6 35. Rxe8+ Qxe8 36. Qb7 Qe6 37. Bf4 g5 38. Bg3 Kg7 0-1

[Event "5th Karl Wagner mem"]
[Site "Graz"]
[Date "1998.09.06"]
[Round "2.10"]
[White "Zoler, Dan"]
[Black "Riedner, Martin"]
[Result "1-0"]
[WhiteElo "2500"]
[BlackElo "2245"]
[PlyCount "73"]
[EventDate "1998.09.05"]

{2/(10)} 1. d4 1... d5 2. c4 e6 3. Nc3 c5 4. e3 Nf6 5. Nf3 Nc6 6. a3 Bd6 7.
dxc5 Bxc5 8. b4 Be7 9. Bb2 O-O 10. Rc1 dxc4 11. Bxc4 Qxd1+ 12. Rxd1 b6 13. e4
Rd8 14. Rxd8+ Nxd8 15. Ne5 Nd7 16. Nxd7 Bxd7 17. Ke2 Kf8 18. Rd1 Bc6 19. f3 a6
20. e5 b5 21. Bb3 a5 22. Na2 Ke8 23. bxa5 Rxa5 24. Nb4 Bd7 25. Rc1 Ra8 26. Rc7
Bxb4 27. axb4 Nc6 28. Rb7 Nxb4 29. Kd2 Nd5 30. Bxd5 exd5 31. Kc3 Ra4 32. Kb3
32... Rf4 33. Rb8+ Ke7 34. Ba3+ Ke6 35. Rb6+ Kf5 36. g4+ Kg5 37. Bc1 1-0

[Event "5th Karl Wagner mem"]
[Site "Graz"]
[Date "1998.09.06"]
[Round "2.11"]
[White "Klimpel, Thomas"]
[Black "Stanec, Nikolaus"]
[Result "1/2-1/2"]
[WhiteElo "2155"]
[BlackElo "2495"]
[PlyCount "59"]
[EventDate "1998.09.05"]

{2/(11)} 1. e4 1... c5 2. Nf3 e6 3. d3 Nc6 4. g3 d5 5. Qe2 Nge7 6. c3 g6 7. Bg2
Bg7 8. O-O b6 9. e5 Ba6 10. Re1 h6 11. h4 Qc7 12. a4 Bb7 13. Na3 a6 14. Bd2 Na5
15. Bf4 Nb3 16. Ra2 Nc6 17. Nb1 Nca5 18. Nbd2 Rc8 19. Nxb3 Nxb3 20. Nd2 Nxd2
21. Bxd2 h5 22. Bf4 Qd7 23. c4 Bc6 24. b3 Rb8 25. Rd1 d4 26. Rda1 Bxg2 27. Kxg2
Qc6+ 28. Kh2 Rb7 29. Bd2 Bf8 30. f4 1/2-1/2

[Event "5th Karl Wagner mem"]
[Site "Graz"]
[Date "1998.09.06"]
[Round "2.16"]
[White "Gorbatow, Alexej"]
[Black "Wegerer, Fred"]
[Result "1-0"]
[WhiteElo "2420"]
[BlackElo "2215"]
[PlyCount "109"]
[EventDate "1998.09.05"]

{2/(16)} 1. c4 1... e6 2. e4 c5 3. Nc3 Nc6 4. g3 b6 5. Bg2 Bb7 6. Nge2 h5 7.
O-O h4 8. d3 Nh6 9. f3 hxg3 10. hxg3 Be7 11. Be3 Rc8 12. Qd2 a6 13. g4 g5 14.
Ng3 Ne5 15. Qe2 Ng6 16. Nh5 Qc7 17. Qd2 f6 18. Rf2 Kf7 19. Bf1 Bd6 20. Ne2 Rcg8
21. Rd1 Ne5 22. Bh3 Ke7 23. a3 Nhf7 24. Qc3 Rh6 25. b4 f5 26. Rc1 f4 27. Bd2
Nc6 28. d4 cxd4 29. Nxd4 Be5 30. Nxc6+ dxc6 31. Qb3 Bd4 32. c5 Ne5 33. Be1 Rxh5
34. gxh5 g4 35. fxg4 Nxg4 36. Bxg4 Rxg4+ 37. Kf1 Qe5 38. Qh3 38... Qg5 39. Rg2
Rxg2 40. Bh4 Rg1+ 41. Ke2 Rg2+ 42. Kd3 Bf6 43. Bxg5 Rxg5 44. Qh2 Rg3+ 45. Kc2
bxc5 46. bxc5 Bc8 47. h6 e5 48. Qd2 Be6 49. Rb1 Kf7 50. Rb7+ Kg6 51. Qd6 Rg2+
52. Kc1 Rg1+ 53. Kd2 Rg2+ 54. Ke1 Bf7 55. Qf8 1-0

[Event "5th Karl Wagner mem"]
[Site "Graz"]
[Date "1998.09.06"]
[Round "2.19"]
[White "Pavasovic, Dusko"]
[Black "Stolte, Alexander"]
[Result "1/2-1/2"]
[WhiteElo "2505"]
[BlackElo "2145"]
[PlyCount "75"]
[EventDate "1998.09.05"]

{2/(19)} 1. e4 1... e6 2. d4 d5 3. Nd2 Nf6 4. e5 Nfd7 5. Bd3 c5 6. c3 Nc6 7.
Ngf3 Qb6 8. O-O g6 9. Re1 cxd4 10. cxd4 Bg7 11. Nb3 O-O 12. Bg5 f6 13. exf6
Nxf6 14. Rc1 Ng4 15. h3 Nh6 16. Qd2 Nf5 17. Bxf5 Rxf5 18. Bh6 Bh8 19. Re3 Qd8
20. Rce1 Qf6 21. Ne5 Nxe5 22. Rxe5 Rxe5 23. dxe5 Qf7 24. Re3 Qe7 25. f4 Bd7 26.
Bg5 Qf8 27. Qd4 Rc8 28. Qxa7 28... h6 29. Bf6 Bxf6 30. exf6 Qxf6 31. Qxb7 Qxf4
32. Rf3 Qd6 33. Qa7 e5 34. Qe3 Kg7 35. Rf1 d4 36. Qf3 Qe7 37. Qe2 Qd6 38. Qf3
1/2-1/2

[Event "5th Karl Wagner mem"]
[Site "Graz"]
[Date "1998.09.06"]
[Round "2.22"]
[White "Lendwai, Reinhard"]
[Black "Galje, Hans"]
[Result "1-0"]
[WhiteElo "2375"]
[BlackElo "2110"]
[PlyCount "53"]
[EventDate "1998.09.05"]

{2/(22)} 1. Nf3 1... Nf6 2. d4 e6 3. g3 c5 4. Bg2 cxd4 5. Nxd4 d5 6. O-O Nc6 7.
c4 Be7 8. cxd5 exd5 9. Nc3 O-O 10. Bg5 h6 11. Be3 Re8 12. Rc1 Bf8 13. Nxc6 bxc6
14. Bd4 Bg4 15. h3 Bh5 16. Re1 a5 17. Qa4 Re6 18. f4 Bg6 19. g4 Be4 20. f5
20... Bxg2 21. fxe6 Bxh3 22. exf7+ Kh8 23. Kh2 Nxg4+ 24. Kxh3 Qg5 25. Bxg7+
Bxg7 26. Qxg4 Qe3+ 27. Kg2 1-0

[Event "5th Karl Wagner mem"]
[Site "Graz"]
[Date "1998.09.06"]
[Round "2.24"]
[White "Baumegger, Siegfried"]
[Black "Vodep, Otto"]
[Result "1-0"]
[WhiteElo "2360"]
[BlackElo "2105"]
[PlyCount "93"]
[EventDate "1998.09.05"]

{2/(24)} 1. d4 1... d5 2. c4 c6 3. e3 Bf5 4. cxd5 cxd5 5. Qb3 Qc7 6. Nc3 e6 7.
Bd2 Ne7 8. Nf3 Nec6 9. Nh4 Bg6 10. Nxg6 hxg6 11. Rc1 a6 12. g3 Nd7 13. Bd3 Nf6
14. Qd1 Rd8 15. f4 Bd6 16. Qf3 Qd7 17. Qg2 Be7 18. Qe2 Bb4 19. O-O Rc8 20. Na4
Rb8 21. Bxb4 Nxb4 22. Nc5 Qe7 23. Bb1 Nd7 24. a3 Nxc5 25. Rxc5 Nc6 26. Rfc1 O-O
27. Bd3 Qf6 28. b4 Rbc8 29. Qb2 g5 30. a4 gxf4 31. gxf4 Qh4 32. Qf2 Qg4+ 33.
Qg3 Qxg3+ 34. hxg3 Ra8 35. b5 Nb4 36. Bb1 axb5 37. axb5 b6 38. Rc7 g6 39. g4
Ra3 40. Kf2 Ra5 41. f5 Rxb5 42. f6 42... Ra5 43. Bxg6 Ra2+ 44. Kf3 Rh2 45. Bb1
Na2 46. R1c6 b5 47. Rc8 1-0

[Event "5th Karl Wagner mem"]
[Site "Graz"]
[Date "1998.09.06"]
[Round "2.29"]
[White "Zoister, Stefan"]
[Black "Hoellrigl, Wilfried"]
[Result "1/2-1/2"]
[WhiteElo "2105"]
[BlackElo "2215"]
[PlyCount "55"]
[EventDate "1998.09.05"]

{2/(29)} 1. e4 1... c5 2. Nf3 Nc6 3. d4 cxd4 4. Nxd4 g6 5. c4 Nf6 6. Nc3 d6 7.
Be2 Nxd4 8. Qxd4 Bg7 9. Be3 O-O 10. Qd2 Be6 11. O-O Qa5 12. f3 Rfc8 13. b3 a6
14. Rac1 14... b5 15. Nd5 Qxd2 16. Bxd2 Nxd5 17. cxd5 Bd4+ 18. Kh1 Bd7 19.
Rxc8+ Rxc8 20. Rc1 Rxc1+ 21. Bxc1 Kf8 22. g4 e6 23. dxe6 fxe6 24. Kg2 Kf7 25.
f4 Bc6 26. Bf3 Ke7 27. Bd2 Kf7 28. Kg3 1/2-1/2

[Event "5th Karl Wagner mem"]
[Site "Graz"]
[Date "1998.09.06"]
[Round "2.31"]
[White "Flecker, Wolfgang"]
[Black "Soln, Primoz"]
[Result "0-1"]
[WhiteElo "2125"]
[BlackElo "2470"]
[PlyCount "68"]
[EventDate "1998.09.05"]

{2/(31)} 1. e4 1... c5 2. Nc3 e6 3. g3 Nc6 4. Bg2 g6 5. d3 Bg7 6. Be3 Nd4 7.
Qd2 d6 8. Nd1 e5 9. c3 Ne6 10. Nf3 b6 11. O-O Bb7 12. Ng5 Nf6 13. Nxe6 fxe6 14.
Bh3 Qe7 15. f3 O-O 16. d4 exd4 17. cxd4 cxd4 18. Bxd4 e5 19. Bc3 d5 20. Bb4 Qf7
21. Bxf8 Bxf8 22. Bg2 Bc5+ 23. Kh1 Ba6 24. Re1 dxe4 25. fxe4 Rf8 26. Rc1 26...
Qxa2 27. Rxc5 bxc5 28. Qd6 Qa5 29. Nc3 Qb6 30. Qxe5 Ng4 31. Qd5+ Rf7 32. h3
Qxb2 33. Qxc5 Nf2+ 34. Kh2 Nd3 0-1

[Event "5th Karl Wagner mem"]
[Site "Graz"]
[Date "1998.09.06"]
[Round "2.32"]
[White "Brunnsteiner, Mario"]
[Black "Frosch, Erich"]
[Result "1-0"]
[WhiteElo "2110"]
[BlackElo "2280"]
[PlyCount "103"]
[EventDate "1998.09.05"]

{2/(32)} 1. e4 1... e5 2. Nf3 Nc6 3. Bb5 a6 4. Ba4 Nf6 5. O-O Be7 6. Re1 b5 7.
Bb3 O-O 8. c3 d6 9. h3 Na5 10. Bc2 c5 11. d4 Qc7 12. Nbd2 Re8 13. d5 Bf8 14.
Nf1 h6 15. Be3 g6 16. b3 Nb7 17. Qd2 Kh7 18. a4 Bd7 19. axb5 axb5 20. Ng3 Rec8
21. Nh2 Na5 22. Rab1 c4 23. b4 23... Nb3 24. Bxb3 cxb3 25. Rxb3 Qc4 26. Qc2 Ra4
27. Reb1 Rca8 28. Nf3 Ra2 29. R3b2 R2a3 30. Rb3 Ra2 31. R1b2 Rxb2 32. Rxb2 Ra1+
33. Kh2 h5 34. Nd2 Qc8 35. Bg5 Be7 36. Nf3 Qd8 37. Ra2 Rxa2 38. Qxa2 Qc7 39.
Qb3 Kg7 40. Qa3 Ng8 41. Bxe7 Nxe7 42. Qa5 Qb8 43. Nd2 h4 44. Ngf1 g5 45. c4 Ng6
46. cxb5 Nf4 47. b6 Qc8 48. Qa7 Bxh3 49. b7 Qg4 50. Ne3 Qe2 51. b8=Q Qxd2 52.
Qbc7 1-0

[Event "5th Karl Wagner mem"]
[Site "Graz"]
[Date "1998.09.06"]
[Round "2.33"]
[White "Wallner, Dieter"]
[Black "Aschenbrenner, Robert"]
[Result "1-0"]
[WhiteElo "2110"]
[BlackElo "2210"]
[PlyCount "57"]
[EventDate "1998.09.05"]

{2/(33)} 1. d4 1... Nf6 2. Nf3 g6 3. Bf4 Bg7 4. e3 d6 5. h3 c5 6. Nbd2 cxd4 7.
exd4 Nd5 8. Bh2 Bf5 9. c3 O-O 10. Be2 Nc6 11. O-O e5 12. Nc4 Re8 13. dxe5 dxe5
14. Qb3 e4 15. Ne1 Na5 16. Nxa5 Qxa5 17. Bb5 Red8 18. Nc2 Be6 19. Bc4 19...
Rac8 20. Bxd5 Bxd5 21. Qb4 Qxb4 22. Nxb4 Bc4 23. Rfd1 a5 24. Nc2 Be2 25. Rxd8+
Rxd8 26. Bf4 f5 27. Be3 Be5 28. Nd4 Kf7 29. Nxe2 1-0

[Event "5th Karl Wagner mem"]
[Site "Graz"]
[Date "1998.09.06"]
[Round "2.34"]
[White "Mihevc-Mohr, Narcisa"]
[Black "Leitner, Kurt"]
[Result "0-1"]
[WhiteElo "2200"]
[BlackElo "2115"]
[PlyCount "76"]
[EventDate "1998.09.05"]

{2/(34)} 1. e4 1... c5 2. Nf3 Nc6 3. d4 cxd4 4. Nxd4 e5 5. Nb5 a6 6. Nd6+ Bxd6
7. Qxd6 Qf6 8. Qxf6 Nxf6 9. f3 d5 10. exd5 Nxd5 11. c3 O-O 12. Bd3 Be6 13. O-O
Rfd8 14. Bc2 Rac8 15. Re1 b5 16. Be4 f5 17. Bc2 h6 18. g3 Kf7 19. Kf2 Kf6 20.
Nd2 g5 21. Bb1 Nb6 22. h3 b4 23. g4 Nd5 24. gxf5 Bxf5 25. Ne4+ Bxe4 26. fxe4
Nf4 27. Rh1 bxc3 28. bxc3 Na5 29. Bxf4 gxf4 30. Rc1 Rd2+ 31. Kg1 Rg8+ 32. Kh1
Rgg2 33. Bd3 Rh2+ 34. Kg1 Rdg2+ 35. Kf1 f3 36. Ke1 Rg1+ 37. Bf1 37... Re2+ 38.
Kd1 Rxf1# 0-1

[Event "5th Karl Wagner mem"]
[Site "Graz"]
[Date "1998.09.06"]
[Round "2.36"]
[White "Laschet, Ewald"]
[Black "Zirngast, Erhard"]
[Result "0-1"]
[WhiteElo "2195"]
[BlackElo "2060"]
[PlyCount "112"]
[EventDate "1998.09.05"]

{2/(36)} 1. d4 1... g6 2. c4 Bg7 3. e4 e6 4. Nc3 b6 5. Nf3 Bb7 6. Be2 Ne7 7.
Be3 d6 8. Qd2 h6 9. O-O-O Nd7 10. Rhe1 a6 11. Kb1 Rb8 12. Qc1 Nf6 13. Nd2 c5
14. e5 dxe5 15. dxe5 Nd7 16. f4 Bxg2 17. Nde4 Nf5 18. Bg4 Nxe3 19. Rxe3 Qh4 20.
Qd2 Bxe4+ 21. Nxe4 O-O 22. Qg2 Rfd8 23. Rh3 Qe7 24. Re3 Nf8 25. Nd6 b5 26. Be2
f6 27. Qe4 fxe5 28. fxe5 bxc4 29. Rg3 c3 30. Rxc3 Rb4 31. Qe3 Nd7 32. Nc4 Rdb8
33. Rc2 a5 34. Rcd2 Nb6 35. Nxa5 Qc7 36. Rc1 Nd5 37. Qxc5 Qxe5 38. Nb3 Qxh2 39.
Rdc2 Qe5 40. Bd3 Qf6 41. Qg1 41... Rxb3 42. axb3 Rxb3 43. Rc8+ Kh7 44. Qxg6+
Qxg6 45. Bxg6+ Kxg6 46. R1c2 Kf5 47. Kc1 Bd4 48. Re2 Ne3 49. Rc6 Rd3 50. Re1 h5
51. b4 e5 52. Rh6 Rc3+ 53. Kb1 Rb3+ 54. Kc1 Ke4 55. Rxh5 Kd3 56. Reh1 Ra3 0-1

[Event "5th Karl Wagner mem"]
[Site "Graz"]
[Date "1998.09.06"]
[Round "2.42"]
[White "Neubauer, Anton"]
[Black "Seidl, Juergen"]
[Result "0-1"]
[WhiteElo "2015"]
[BlackElo "2160"]
[PlyCount "110"]
[EventDate "1998.09.05"]

{2/(42)} 1. e4 1... e6 2. d4 d5 3. Nc3 Bb4 4. exd5 exd5 5. Bd3 Nc6 6. a3 Bxc3+
7. bxc3 Nge7 8. Ne2 Bg4 9. f3 Bf5 10. O-O O-O 11. Rb1 Na5 12. Ng3 Qd7 13. Re1
Bg6 14. Bg5 f6 15. Bf4 b6 16. Qe2 Kf7 17. Qf2 Rfe8 18. Re2 Rad8 19. Rbe1 c6 20.
Nf1 Nc8 21. Rxe8 Rxe8 22. Bc1 Nd6 23. Rxe8 Qxe8 24. Qe3 Qxe3+ 25. Nxe3 Bxd3 26.
cxd3 Nb3 27. Bb2 b5 28. Kf2 a5 29. Ke2 Ke6 30. Kd1 h5 31. Kc2 a4 32. c4 g5 33.
cxd5+ cxd5 34. Kc3 Ne8 35. Kb4 Nc7 36. Nd1 Kd6 37. Ne3 Kc6 38. Nf5 Kb6 39. Ne7
h4 40. Ng8 f5 41. Ne7 f4 42. Kc3 Na5 43. Nc8+ Kc6 44. Kb4 Nb3 45. Na7+ Kd6 46.
Bc3 Nc1 47. Nxb5+ Nxb5 48. Kxb5 Ne2 49. Bb4+ Kd7 50. Kc5 Ke6 51. Bd2 51... h3
52. gxh3 Ng1 53. Kb4 Nxf3 54. Bc1 Nxd4 55. h4 f3 0-1

[Event "5th Karl Wagner mem"]
[Site "Graz"]
[Date "1998.09.06"]
[Round "2.44"]
[White "Maric, Katarina"]
[Black "Genser, Harald"]
[Result "1/2-1/2"]
[WhiteElo "2005"]
[BlackElo "2155"]
[PlyCount "36"]
[EventDate "1998.09.05"]

{2/(44)} 1. e4 1... c5 2. Nc3 Nc6 3. g3 g6 4. Bg2 Bg7 5. d3 d6 6. f4 e6 7. Nf3
Nge7 8. O-O O-O 9. Be3 Nd4 10. e5 Bd7 11. Ne4 Nef5 12. Bf2 Nxf3+ 13. Bxf3 dxe5
14. fxe5 Bxe5 15. Nxc5 Bd4 16. c3 Ne3 17. Qe2 Bxc5 18. Bxe3 Bxe3+ 1/2-1/2

[Event "5th Karl Wagner mem"]
[Site "Graz"]
[Date "1998.09.07"]
[Round "3.2"]
[White "Epishin, Vladimir"]
[Black "Zoler, Dan"]
[Result "1-0"]
[WhiteElo "2585"]
[BlackElo "2500"]
[PlyCount "115"]
[EventDate "1998.09.05"]

{3/(2)} 1. d4 1... Nf6 2. c4 e6 3. Nf3 b6 4. g3 Bb7 5. Bg2 Bb4+ 6. Bd2 Qe7 7.
O-O Bxd2 8. Qxd2 d6 9. Nc3 O-O 10. Rfe1 c5 11. d5 exd5 12. cxd5 Ne4 13. Nxe4
Qxe4 14. Ng5 Qe7 15. f4 h6 16. Nf3 Nd7 17. Nh4 Rab8 18. Rad1 Rfe8 19. e4 Qf8
20. Qc3 b5 21. a3 Nb6 22. Nf5 g6 23. Ne3 Qg7 24. e5 b4 25. axb4 cxb4 26. Qd2
dxe5 27. f5 g5 28. Ra1 a6 29. Rac1 Red8 30. Rc7 Rd7 31. Rxd7 Nxd7 32. Rc1 Qf8
33. Ng4 f6 34. Rc7 34... h5 35. Rxd7 hxg4 36. d6 Bxg2 37. Kxg2 Rd8 38. Qd5+ Kh8
39. Rxd8 Qxd8 40. Qc6 Kg8 41. Kf2 a5 42. Ke3 Kf8 43. Ke4 Qe8 44. Qb7 b3 45. Kd5
e4 46. d7 Qd8 47. Kd6 Qe7+ 48. Kc6 Qd8 49. Qxb3 Ke7 50. Qa3+ Kf7 51. Qd6 a4 52.
Qc7 Ke7 53. Qa7 Kf8 54. Qxa4 Qb8 55. Qa5 Ke7 56. Qc5+ Kf7 57. Qd5+ Ke7 58. Qe6+
1-0

[Event "5th Karl Wagner mem"]
[Site "Graz"]
[Date "1998.09.07"]
[Round "3.3"]
[White "Gershon, Alik"]
[Black "Lerner, Konstantin"]
[Result "1-0"]
[WhiteElo "2460"]
[BlackElo "2580"]
[PlyCount "196"]
[EventDate "1998.09.05"]

{3/(3)} 1. e4 1... c5 2. Nf3 d6 3. d4 cxd4 4. Nxd4 Nf6 5. Nc3 Nc6 6. Bg5 e6 7.
Qd2 a6 8. O-O-O h6 9. Nxc6 bxc6 10. Bf4 d5 11. Qe3 Qa5 12. Be2 dxe4 13. Nxe4
13... Nd5 14. Rxd5 cxd5 15. Nd6+ Bxd6 16. Bxd6 Qd8 17. Ba3 Qc7 18. Rd1 Bb7 19.
Rd3 Rc8 20. Rc3 Qd7 21. Qe5 Rg8 22. Re3 Rc6 23. Bd3 g6 24. b4 Rc7 25. b5 axb5
26. Qf6 d4 27. Rg3 Qd5 28. Rg4 Bc6 29. Kb1 Qd8 30. Qe5 b4 31. Bxb4 Rb7 32. Rxd4
Qe7 33. a3 f6 34. Qg3 Kf7 35. Kc1 Qc7 36. Qh4 Qe5 37. Qxh6 Qg5+ 38. Qxg5 fxg5
39. Rg4 Kf6 40. Bc3+ e5 41. h4 gxh4 42. f4 g5 43. Bxe5+ Ke6 44. Bc3 Rd7 45.
fxg5 Rxd3 46. cxd3 Kf5 47. Rxh4 Rxg5 48. Kb2 Rxg2+ 49. Kb3 Rg4 50. Rh5+ Rg5 51.
Rh7 Ke6 52. d4 Be4 53. Ra7 Rg8 54. Ra6+ Kd7 55. Rh6 Bd5+ 56. Kc2 Rg6 57. Rh5
Kc6 58. Bb4 Rg7 59. Kd3 Rg3+ 60. Kd2 Rg7 61. Ke3 Rg3+ 62. Kf4 Rf3+ 63. Ke5 Re3+
64. Kf6 Re6+ 65. Kf5 Re2 66. Rh6+ Kb5 67. Bc5 Kc4 68. Rb6 Rf2+ 69. Ke5 Re2+ 70.
Kf6 Bf3 71. Rb4+ Kd5 72. a4 Ra2 73. Bb6 Bd1 74. a5 Be2 75. Rb3 Bc4 76. Rg3 Kd6
77. Rg5 Rf2+ 78. Kg7 Rf7+ 79. Kg6 Rf1 80. Rg3 Ra1 81. Rc3 Rg1+ 82. Kf6 Rf1+ 83.
Kg5 Ba6 84. Rc7 Bd3 85. Ra7 Kc6 86. Bc5 Rf5+ 87. Kg4 Rf1 88. Ra8 Kb7 89. Rd8
Rf6 90. Bb6 Rf7 91. Kg5 Bb5 92. Rh8 Bd3 93. Rh3 Bc4 94. Rc3 Bd5 95. Rc5 Rd7 96.
Kf6 Bb3 97. Ke5 Ba2 98. Rc3 98... Bg8 {Time} 1-0

[Event "5th Karl Wagner mem"]
[Site "Graz"]
[Date "1998.09.07"]
[Round "3.4"]
[White "Savanovic, Aleksandar"]
[Black "Polak, Thomas"]
[Result "1/2-1/2"]
[WhiteElo "2435"]
[BlackElo "2525"]
[PlyCount "55"]
[EventDate "1998.09.05"]

{3/(4)} 1. e4 1... c6 2. d4 d5 3. Nc3 dxe4 4. Nxe4 Nd7 5. Nf3 Ngf6 6. Ng3 e6 7.
Bd3 c5 8. c3 cxd4 9. Nxd4 Bc5 10. O-O O-O 11. Re1 Qb6 12. Nh5 Nxh5 13. Qxh5 Nf6
14. Qh4 14... Rd8 15. Bg5 Bxd4 16. cxd4 Rxd4 17. Qh3 e5 18. Bf5 Bxf5 19. Qxf5
Ng4 20. h3 h6 21. Bc1 Qb4 22. Rf1 Nf6 23. Bxh6 gxh6 24. Qxf6 Qd6 25. Qf3 Qd5
26. Qh5 Kg7 27. Rfe1 Re8 28. Re3 1/2-1/2

[Event "5th Karl Wagner mem"]
[Site "Graz"]
[Date "1998.09.07"]
[Round "3.5"]
[White "Rabiega, Robert"]
[Black "Mohr, Georg"]
[Result "1/2-1/2"]
[WhiteElo "2525"]
[BlackElo "2470"]
[PlyCount "39"]
[EventDate "1998.09.05"]

{3/(5)} 1. e4 1... Nc6 2. Nf3 d6 3. d4 Nf6 4. Nc3 Bg4 5. Be3 a6 6. h3 Bh5 7. d5
Bxf3 8. Qxf3 Nb8 9. g4 g6 10. g5 Nfd7 11. Bd4 Ne5 12. Bxe5 dxe5 13. O-O-O Qd6
14. h4 h5 15. gxh6 Rxh6 16. Bh3 Nd7 17. Bxd7+ Qxd7 18. h5 Qd6 19. hxg6 Qxg6 20.
Rdg1 1/2-1/2

[Event "5th Karl Wagner mem"]
[Site "Graz"]
[Date "1998.09.07"]
[Round "3.6"]
[White "Oral, Tomas"]
[Black "Balinov, Ilia"]
[Result "1-0"]
[WhiteElo "2510"]
[BlackElo "2450"]
[PlyCount "105"]
[EventDate "1998.09.05"]

{3/(6)} 1. e4 1... c5 2. Nf3 e6 3. b3 d6 4. Bb2 Nf6 5. e5 dxe5 6. Nxe5 Nbd7 7.
f4 Nxe5 8. fxe5 Nd7 9. Bd3 g6 10. Na3 Bg7 11. Qe2 O-O 12. O-O b6 13. Nc4 Ba6
14. Rae1 Bxc4 15. Bxc4 Qg5 16. Rf3 Rad8 17. Rg3 Qe7 18. Bc3 Nb8 19. Qe4 Rd7 20.
Bb5 Rc7 21. a4 Rfc8 22. Rf3 Nd7 23. Ref1 23... Nf8 24. Rxf7 Qxf7 25. Rxf7 Rxf7
26. a5 Rfc7 27. Qa4 Rd8 28. Bc4 Bh6 29. Bd3 Bg5 30. Qg4 Be7 31. h4 Re8 32. Bb5
Rb8 33. h5 Bd8 34. hxg6 hxg6 35. d4 Rh7 36. Bc4 cxd4 37. Bxe6+ Nxe6 38. Qxe6+
Rf7 39. Qxg6+ Rg7 40. Qe8+ Kh7 41. Qh5+ Kg8 42. Bxd4 Be7 43. e6 Bc5 44. Bxc5
bxc5 45. Qxc5 Re8 46. Qd5 Rge7 47. b4 Rxe6 48. b5 Kg7 49. Qd4+ Kg6 50. Qxa7 Kg5
51. a6 R8e7 52. Qxe7+ Rxe7 53. b6 1-0

[Event "5th Karl Wagner mem"]
[Site "Graz"]
[Date "1998.09.07"]
[Round "3.8"]
[White "Baumegger, Siegfried"]
[Black "Loginov, Valery"]
[Result "0-1"]
[WhiteElo "2360"]
[BlackElo "2520"]
[PlyCount "60"]
[EventDate "1998.09.05"]

{3/(8)} 1. Nf3 1... Nf6 2. c4 b6 3. g3 Bb7 4. Bg2 e6 5. O-O Be7 6. d4 d5 7. Nc3
O-O 8. Ne5 Na6 9. cxd5 exd5 10. b3 c5 11. Bb2 Nc7 12. dxc5 bxc5 13. Qc2 Ne6 14.
Na4 Rc8 15. Rfd1 Qc7 16. Rac1 Rfe8 17. Qb1 Qb8 18. Qf5 g6 19. Qb1 19... d4 20.
Bxb7 Qxb7 21. Qd3 Ng5 22. Nf3 Nge4 23. Rf1 Bf8 24. b4 Qxb4 25. Rc4 Qa5 26. Qc2
Nd5 27. Bxd4 Nb4 28. Bc3 Nxc3 29. Qxc3 Qxa4 30. a3 Nd5 0-1

[Event "5th Karl Wagner mem"]
[Site "Graz"]
[Date "1998.09.07"]
[Round "3.10"]
[White "Nor, Igor"]
[Black "Klovan, Jan"]
[Result "1/2-1/2"]
[WhiteElo "2280"]
[BlackElo "2465"]
[PlyCount "130"]
[EventDate "1998.09.05"]

{3/(10)} 1. d4 1... d5 2. c4 e6 3. Nc3 Nf6 4. Nf3 Be7 5. cxd5 exd5 6. Bg5 c6 7.
Qc2 Nbd7 8. e3 O-O 9. Bd3 Re8 10. O-O Nf8 11. Rab1 Ne4 12. Bxe7 Qxe7 13. Bxe4
dxe4 14. Nd2 f5 15. b4 Be6 16. b5 c5 17. dxc5 Qxc5 18. Nb3 Qe5 19. Rfc1 Rac8
20. Nd4 Rc4 21. Qd2 Ng6 22. Nce2 Bf7 23. Rb2 h6 24. Rbc2 Rec8 25. Rxc4 Rxc4 26.
Rc2 Qc5 27. Rxc4 Qxc4 28. Ng3 28... Qxa2 29. Qxa2 Bxa2 30. Ndxf5 a5 31. bxa6
bxa6 32. Nxe4 Bb1 33. Nfd6 Bxe4 34. Nxe4 a5 35. Nc3 Ne5 36. Kf1 Kf7 37. Ke2 Ke6
38. f4 Nd7 39. Kd3 Nb6 40. Kd4 g5 41. g4 gxf4 42. exf4 a4 43. Nb5 Nd7 44. Ke3
Kf7 45. Kf3 Ke6 46. Ke3 Nf6 47. h3 Nd5+ 48. Ke4 Nf6+ 49. Kd4 Nd7 50. Kc4 Nb6+
51. Kc5 Nd7+ 52. Kd4 h5 53. g5 Kf5 54. Ke3 Nb6 55. Nd4+ Kg6 56. h4 a3 57. f5+
Kf7 58. Nc2 a2 59. Kd4 Nc8 60. Ke5 Ne7 61. g6+ Nxg6+ 62. fxg6+ Kxg6 63. Ke6 Kg7
64. Kf5 Kf7 65. Kg5 Kg7 1/2-1/2

[Event "5th Karl Wagner mem"]
[Site "Graz"]
[Date "1998.09.07"]
[Round "3.11"]
[White "Freitag, Manfred"]
[Black "Klimpel, Thomas"]
[Result "1-0"]
[WhiteElo "2400"]
[BlackElo "2155"]
[PlyCount "85"]
[EventDate "1998.09.05"]

{3/(11)} 1. e4 1... e5 2. Nf3 Nf6 3. Nxe5 d6 4. Nf3 Nxe4 5. d4 d5 6. Bd3 Nc6 7.
O-O Be7 8. c4 Nf6 9. c5 Bg4 10. Bb5 O-O 11. Bxc6 bxc6 12. Nbd2 Ne4 13. Qa4 Bf6
14. Ne5 Bxe5 15. dxe5 Be2 16. Re1 Bb5 17. Qd4 Ng5 18. b4 Ne6 19. Qg4 a5 20. a4
axb4 21. Qxb4 Qe7 22. Nb3 Ba6 23. Nd4 Qxc5 24. Qxc5 Nxc5 25. Nxc6 Nb3 26. Ra3
Nxc1 27. Rxc1 Rfe8 28. Rc5 d4 29. f4 d3 30. Ra2 f6 31. Kf2 fxe5 32. Nxe5 Rad8
33. Ke3 Rd7 34. g3 g5 35. a5 gxf4+ 36. gxf4 Rg7 37. Rb2 37... Rg6 38. Rxc7 Rd6
39. Rg2+ Rg6 40. Rxg6+ hxg6 41. Rc6 Rd8 42. Rxg6+ Kh7 43. Kd2 1-0